Todos los paises insulares del mundo - Estadísticas

Estadísticas generales
  • Esta prueba ha sido intentada 76 veces
    50 desde el último reinicio
  • La puntuación promedio es 44 de 49
Estadísticas de respuestas
Continente País insular % Correcto
Oceania Australia
100%
África Cabo Verde
97%
Asia Chipre
97%
Asia Indonesia
97%
Europa Irlanda
97%
Europa Islandia
97%
Oecanía Islas Marshall
97%
América del Norte Jamaica
97%
Europa Reino Unido
97%
África Santo Tomé y Príncipe
97%
América del Norte Cuba
95%
Asia Japón
95%
Europa Malta
95%
Oecanía Nueva Zelanda
95%
América del Norte República Dominicana
95%
América del Norte Dominica
92%
Oecanía Estados Federados de Micronesia
92%
Asia Filipinas
92%
Oecanía Islas Salomón
92%
Oecanía Kiribati
92%
Oecanía Vanuatu
92%
América del Norte Antigua y Barbuda
90%
América del Norte Barbados
90%
Oecanía Fiyi
90%
América del Norte Haití
90%
África Madagascar
90%
Asia Sri Lanka
90%
Oecanía Tuvalu
90%
Asia Maldivas
87%
Oecanía Samoa
87%
África Seychelles
87%
América del Norte Trinidad y Tobago
87%
Asia Malasia
85%
África Mauricio
85%
Oecanía Nauru
85%
Oecanía Palaos
85%
Oecanía Papúa Nueva Guinea
85%
América del Norte San Cristóbal y Nieves
85%
América del Norte Santa Lucía
85%
América del Norte San Vicente y las Granadinas
85%
Asia Singapur
85%
Asia Taiwán
85%
Oecanía Tonga
85%
América del Norte Bahamas
82%
África Comoras
82%
América del Norte Granada
82%
Asia Timor Oriental
77%
Asia Brunéi
72%
Asia Baréin
67%
No se encontraron pruebas coincidentes
Distribución de puntuación
Porcentaje de gente con cada puntuación
Porcentaje por número respondido
Historial de tus puntuaciones
No has intentado esta prueba desde el último reinicio